Enhancing the skills of early childhood trainers / (Record no. 137586)

MARC details
000 -CABECERA
campo de control de longitud fija 01003nam a2200229 a 4500
005 - FECHA Y HORA DE LA ÚLTIMA TRANSACCIÓN
campo de control 20210219160435.0
008 - ELEMENTOS DE LONGITUD FIJA--INFORMACIÓN GENERAL
campo de control de longitud fija 081107s1995 mx r 000 0 spa d
020 ## - NÚMERO INTERNACIONAL NORMALIZADO PARA LIBROS
Número Internacional Estándar del Libro 9061950341 (Bernard van Leer Foundation)
020 ## - NÚMERO INTERNACIONAL NORMALIZADO PARA LIBROS
Número Internacional Estándar del Libro 92-3-103130-9
035 ## - NÚMERO DE CONTROL DEL SISTEMA
Número de control de sistema UPN01000165474
049 ## - COLECCIÓN
Colección UNE
080 ## - NÚMERO DE CLASIFICACIÓN DECIMAL UNIVERSAL
Número de la Clasificación Decimal Universal 373.2 =20 "1995" TOR.
100 1# - ASIENTO PRINCIPAL--NOMBRE PERSONAL
Nombre de persona Torkington, Kate
245 10 - MENCIÓN DE TÍTULO
Título Enhancing the skills of early childhood trainers /
Mención de responsabilidad, etc. Kate Torkington; Cassie Landers.
260 ## - PUBLICACIÓN, DISTRIBUCIÓN, ETC.
Lugar de publicación, distribución, etc. Paris :
Nombre del editor, distribuidor, etc. UNESCO;
Lugar de publicación, distribución, etc. The Netherlands :
Nombre del editor, distribuidor, etc. Bernard van Leer Foundation,
Fecha de publicación, distribución, etc. 1995.
300 ## - DESCRIPCIÓN FÍSICA
Extensión 5 vol., pág. irr.
505 8# - NOTA DE CONTENIDO CON FORMATO PREESTABLECIDO
Nota de contenido con formato Contenido Vol. 1; Introduction to the training pack, Vol. 2; Delivering effective training, Vol. 3; Guide to the development of the young child, Vol. 4; Rationale for experimental/participatory methods, Vol. 5; Resource list.
690 ## - PUNTO DE ACCESO ADICIONAL DE MATERIA LOCAL--TÉRMINO DE MATERIA (OCLC, RLIN)
Término de materia o nombre geográfico como elemento inicial Psicologia del niño- Material y equipo didacticos
690 ## - PUNTO DE ACCESO ADICIONAL DE MATERIA LOCAL--TÉRMINO DE MATERIA (OCLC, RLIN)
Término de materia o nombre geográfico como elemento inicial Educacion preescolar- Participacion de los padres
700 1# - ASIENTO SECUNDARIO--NOMBRE DE PERSONAL
Nombre de persona Landers, Cassie
905 ## - TIPO DE MATERIAL
Tipo de material UNESCO
Holdings
Estado de retiro Estado de pérdida Fuente del sistema de clasificación o colocación Estado dañado No para préstamo Código de colección Localización permanente Ubicación/localización actual Ubicación en estantería Fecha de adquisición Clasificación Código de barras Fecha visto por última vez Número de copia Tipo de ítem Koha
    Library of Congress Classification   Disponible (Préstamo en sala) UNESCO Bib. Gregorio Torres Quintero Bib. Gregorio Torres Quintero Colecciones especiales Planta alta 03/02/2023 372.2 =20 "1995" TOR U7457 31/12/2020 1 Libro